| 000 | 00756nac a22001931u 4500 | ||
|---|---|---|---|
| 020 | _a8120312694 | ||
| 082 |
_a621.38195 _bSa993 |
||
| 090 |
_c3114 _d3114 |
||
| 100 | _aSayer ,Michael. | ||
| 245 |
_aMeasurement ,Instrumentation and Experiment Design in Physics and Engineering / _bMichael Sayer ,Abahi Mansingh. |
||
| 260 |
_aNew Delhi:c.2003. _bNew Prentice-Hall India, _cc.2003. |
||
| 300 |
_a368p.: _bill; _c25cm. |
||
| 504 | _aIncludes Index. | ||
| 650 | _aExperimental design. | ||
| 650 | _aExperimental design--Computer simulation. | ||
| 700 | _aMansingh ,Abahi. | ||
| 942 |
_cBB _k621.38195 Sa993 |
||
| 999 |
_c3114 _d3114 |
||